000 00568nmm a2200169Ia 4500
008 251105s9999||||xx |||||||||||||||||und||
020 _a9788476587157
041 _aspa
100 _aBárcena Orbe, Fernando
245 0 _aLa autoridad del sufrimiento :
_b Silencio de Dios y preguntas del hombre
264 _a[Madrid, España] :
_bAnthropos,
_c2005
300 _a153 páginas
490 _aPensamiento crítico / Pensamiento utópico: crítica y utopía
650 _aPhilosophy, Ethics
856 _uhttps://public.digitaliapublishing.com/a/13582
942 _cCF
999 _c85138
_d85138